00574 a2200169 45000010006000000050017000060080041000230030015000640400040000790800055001192450118001740200022002922640033003143000019003470410008003661000030003746222920260407155916.0260407a1994 arg spa dAR-UNSa-BCEJYS aAR-UNSa-BCEJYSbspacAR-UNSa-BCEJYS a342.56xPoder judicial (Corte Suprema de Justicia)10aPoder judicial alemánpTribunal federal de constitucionalidad. Controlador normativo. Apelaciones al legislador a978-950-9606-76-0 1aBuenos Aires :bAD-HOCc1994 a312 p.c23 cm. aspa1 aWitthaus, Rodolfo Ernesto